00588 2200205 4500001002100000005001500021035002000036007000300056008004100059020001800100082001000118084001600128100002600144245009000170260003200260300003000292650001600322700003100338990001300369INLIS00000000000055820230104073337 a0010-0123000025ta230104 g 0 ind  a979-722-193-8 a294.5 a294.5 BHA a0 aBhasya Of Sayanacarya1 aAtharvaveda samhita I /cBhasya Of Sayanacarya,penerjemah: Ivan Taniputera Dipl. Ing. aSurabaya :bParamita,c2005 a850 hlm. :bIlus ;c24 cm 4aAgama Hindu0 aIvan Taniputera Dipl. Ing. a06820682